000 01035cam a2200313 i 4500
001 14835
003 BD-RjUL
005 20211208235711.0
008 140208s2000 enk b 100 0 eng d
020 _a0853154015 :
035 _a(BD-RjUL)14889
040 _aDLC
_cDLC
_dDLC
_dBD-RjUL
_beng
041 1 _aengrus
082 0 0 _a891.7090042
_bGOS 2000
245 1 0 _aSoviet Writers' Congress 1934 /
_cby Maxim Gorky
260 _aLondon :
_bLawrence and Wishart,
_c1977.
300 _a284 p. ;
_c20 cm.
500 _aFirst ed. published in 1935 under title: Problems of Soviet literature.
504 _aIncludes bibliographical references.
650 0 _aRussian literature
_y20th century
_xCongresses.
_946185
650 0 _aSocialist realism in literature
_xCongresses.
_946186
650 0 _aCommunism and literature
_xCongresses.
_946187
700 1 _d1868-1936.
_946188
700 1 _aScott, H. G.
_946189
942 _2ddc
_cBK
999 _c14835
_d14835